000
00321nam a22001217a 4500
008
160519b xxu||||| |||| 00| 0 eng d
020
_a
9780321556660
020
_a
9780321556660
041
_a
eng
080
_a
159.9
245
_a
Principles of human physiology:
_c
Cindy L. Stanfield; William J. Germann;
942
_2
udc
_c
BK
999
_c
2231
_d
2231